01158nam a2200265 i 4500001001000000003000900010005001700019007000300036008004100039040003000080082002300110100004600133245013100179264004800310300006300358336002700421337003400448338002700482500006300509504003200572651007100604651006700675651008000742651007000822000031235DO-SdBNP20230824155716.0ta090714s1978 dr abc 000 0 spa d aDO-SdBNPbspacBNPHUerda 4a972.325bP438a2221 aPérez, Rafael Leónidas,b1955-eautor10aApuntes históricos y geográficos del municipio de Duvergé :b(contribución a su estudio) /cRafael Leónidas Pérez. aSanto Domingo :bEditora Del Caribe,c1978. a106 páginas :bilustraciones, mapas., retratos ;c20 cm. 2rdacontentatextobtxt 2rdamediaasin mediaciónbnc 2rdacarrieravolumenbn aIncluye datos biográficos del autor en la contracubierta aBibliografía : p. 105-106 4aDuvergé, Independencia (República Dominicana)xHistoria local 4aDuvergé, Independencia (República Dominicana)xGeografía 4aDuvergé, Independencia (República Dominicana)xVida social y costumbres 4aDuvergé, Independencia (República Dominicana)xDescripción